| 000 | 00416nam a2200145 4500 | ||
|---|---|---|---|
| 001 | 1945 | ||
| 005 | 20181127164251.0 | ||
| 008 | 680301s1968 nyua 000 0 eng | ||
| 010 | _a 68012268 | ||
| 100 | 1 | _aStein, Sherman K. | |
| 245 | 1 | 0 |
_aCalculus for the natural and social sciences / _c Sherman K. Stein. |
| 260 |
_aNew York : _bMcGraw-Hill, _c1968. |
||
| 300 |
_axiii, 322 p. : _bill. ; _c24 cm. |
||
| 650 | 0 | _aCalculus. | |
| 999 |
_c1498 _d1498 |
||